01125nam a2200229 a 45000010005000000030010000050050017000150080041000320200018000730400025000910800013001162450110001292460035002392600036002743000049003105000318003596000045006776500050007226500052007727000030008247000041008541572BR-CuiBMT20231215220651.0231215s2016 mtba 000 0 por d a9788579920912 aBR-CuiBMTcBR-CuiBMT 22007a731 aDalva de Barros 80 anos / c[Adir Sodré ... et al., artistas convidados ; Gervane de Paula, curadoria]. aDalva de Barros, oitenta anos. aCuiabá :bEntrelinhas,c2016. a61 p. :bprincipalmente il. color. ;c23 cm aCatálogo da exposição realizada em Cuiabá, Galeria de Arte Lava Pés, de 29 de outubro de 2015 a 30 de março de 2016; em Rondonópolis - MT, Espaço Cultural Casario, de 20 de abril a 7 de maio de 2016 e em Primavera do Leste - MT, Secretaria Municipal de Cultura, de 12 de maio a 4 de junho de 2016. aBarros, Dalva de,d1935-xexposições aPintura brasileiraxexposiçõesyséc. XX aPintura brasileiraxexposiçõesyséc. XXI  aSodré, Adir.4...et al. 4curadoriaaPaula, Gervane de,d1962-